000 00491nam a2200181Ia 4500
001 16538
005 20260306170316.0
008 260306t2022||||xx |||||||||||||| ||und||
041 _aESP
082 _a348.6
_bT869P
100 _aToyama Miyagusuku, Jorge
_eAUT
245 0 _aGuía laboral:
_bpara asesores legales, administrativos, jefes de recursos humanos y gerentes
260 _c2022
300 _a974 páginas :
_c-
650 _aGEN
654 _aCDE
942 _cLIB
_dJUS
_fJUS
_2ddc
_n
999 _c16538
_d16538